<?xml version="1.0" encoding="UTF-8"?>
<record
    xmlns:xsi="http://www.w3.org/2001/XMLSchema-instance"
    xsi:schemaLocation="http://www.loc.gov/MARC21/slim http://www.loc.gov/standards/marcxml/schema/MARC21slim.xsd"
    xmlns="http://www.loc.gov/MARC21/slim">

  <leader>02966cam a2200457 i 4500</leader>
  <controlfield tag="001">ssj0002169405</controlfield>
  <controlfield tag="003">EG-ScBUE</controlfield>
  <controlfield tag="005">20240613101653.0</controlfield>
  <controlfield tag="008">190125t2020    stka   f d    001 0 eng d</controlfield>
  <datafield tag="020" ind1=" " ind2=" ">
    <subfield code="a">9780702074622</subfield>
  </datafield>
  <datafield tag="020" ind1=" " ind2=" ">
    <subfield code="a">0702074624</subfield>
  </datafield>
  <datafield tag="035" ind1=" " ind2=" ">
    <subfield code="a">(OCoLC)ocn1085969904</subfield>
  </datafield>
  <datafield tag="035" ind1=" " ind2=" ">
    <subfield code="a">(OCoLC)1085969904</subfield>
  </datafield>
  <datafield tag="040" ind1=" " ind2=" ">
    <subfield code="a">UKMGB</subfield>
    <subfield code="b">eng</subfield>
    <subfield code="e">rda</subfield>
    <subfield code="d">DNLM</subfield>
    <subfield code="d">20190703</subfield>
    <subfield code="d">OCLCO</subfield>
    <subfield code="d">OCLCF</subfield>
    <subfield code="d">BUB</subfield>
    <subfield code="d">UKOBU</subfield>
    <subfield code="d">EQO</subfield>
    <subfield code="d">OCLCO</subfield>
    <subfield code="d">UK5EZ</subfield>
    <subfield code="d">CULIB</subfield>
    <subfield code="d">OCLCO</subfield>
    <subfield code="d">YDX</subfield>
    <subfield code="d">WaSeSS</subfield>
    <subfield code="c">EG-ScBUE</subfield>
    <subfield code="d">EG-ScBUE</subfield>
  </datafield>
  <datafield tag="082" ind1="0" ind2="4">
    <subfield code="a">611.8</subfield>
    <subfield code="2">22</subfield>
    <subfield code="b">CRO</subfield>
  </datafield>
  <datafield tag="100" ind1="1" ind2=" ">
    <subfield code="a">Crossman, A. R.,</subfield>
    <subfield code="e">author.</subfield>
  </datafield>
  <datafield tag="245" ind1="1" ind2="0">
    <subfield code="a">Neuroanatomy :</subfield>
    <subfield code="b">an illustrated colour text /</subfield>
    <subfield code="c">Alan R. Crossman, PhD DSc, emeritus professor of anatomy, The University of Manchester, Manchester, UK, David Neary, MD FRCP, honorary professor of neuroscience, Manchester, UK ; illustrated by Ben Crossman, MA.</subfield>
  </datafield>
  <datafield tag="250" ind1=" " ind2=" ">
    <subfield code="a">Sixth edition.</subfield>
  </datafield>
  <datafield tag="264" ind1=" " ind2="1">
    <subfield code="a">[Edinburgh] :</subfield>
    <subfield code="b">Elsevier,</subfield>
    <subfield code="c">[2020]</subfield>
  </datafield>
  <datafield tag="264" ind1=" " ind2="4">
    <subfield code="c">c2020</subfield>
  </datafield>
  <datafield tag="300" ind1=" " ind2=" ">
    <subfield code="a"> vi, 173 pages :</subfield>
    <subfield code="b">illustrations (some colour) ;</subfield>
    <subfield code="c">30 cm</subfield>
  </datafield>
  <datafield tag="336" ind1=" " ind2=" ">
    <subfield code="2">rdacontent</subfield>
    <subfield code="a">text</subfield>
    <subfield code="b">txt</subfield>
  </datafield>
  <datafield tag="337" ind1=" " ind2=" ">
    <subfield code="2">rdamedia</subfield>
    <subfield code="a">unmediated</subfield>
    <subfield code="b">n</subfield>
  </datafield>
  <datafield tag="338" ind1=" " ind2=" ">
    <subfield code="2">rdacarrier</subfield>
    <subfield code="a">volume</subfield>
    <subfield code="b">nc</subfield>
  </datafield>
  <datafield tag="500" ind1=" " ind2=" ">
    <subfield code="a">Previous edition: Edinburgh: Churchill Livingstone, 2015.</subfield>
  </datafield>
  <datafield tag="500" ind1=" " ind2=" ">
    <subfield code="a">Includes index.</subfield>
  </datafield>
  <datafield tag="500" ind1=" " ind2=" ">
    <subfield code="a">Includes glossary.
</subfield>
  </datafield>
  <datafield tag="505" ind1="0" ind2=" ">
    <subfield code="a">Introduction and overview -- Cells of the nervous system -- Peripheral nervous system -- Autonomic nervous system -- Coverings of the central nervous system -- Spinal cord -- Brainstem -- Cranial nerves and cranial nerve nuclei -- Cerebellum -- Thalamus -- Cerebral hemisphere and cerebral cortex -- Basal ganglia -- Visual system -- Hypothalamus, limbic system and olfactory system</subfield>
  </datafield>
  <datafield tag="520" ind1="8" ind2=" ">
    <subfield code="a">Offers concise, superbly illustrated coverage of neuroanatomy, that throughout makes clear the relevance of the anatomy to the practice of modern clinical neurology. Building on the success of previous editions, this sixth edition has been fine-tuned to meet the needs of today's medical students - and will also prove invaluable to the range of other students and professionals who need a clear, current understanding of this important area. Generations of readers have come to appreciate the straightforward explanations of complex concepts that students often find difficult, with minimum assumptions made of prior knowledge of the subject.</subfield>
  </datafield>
  <datafield tag="650" ind1=" " ind2="7">
    <subfield code="a">Neuroanatomy.</subfield>
    <subfield code="2">BUEsh</subfield>
  </datafield>
  <datafield tag="650" ind1=" " ind2="7">
    <subfield code="a">Nervous system</subfield>
    <subfield code="x">Anatomy and histology.</subfield>
    <subfield code="2">BUEsh</subfield>
  </datafield>
  <datafield tag="653" ind1=" " ind2=" ">
    <subfield code="c">June2024</subfield>
    <subfield code="b">PT</subfield>
  </datafield>
  <datafield tag="655" ind1=" " ind2=" ">
    <subfield code="v">Reading book</subfield>
  </datafield>
  <datafield tag="700" ind1="1" ind2=" ">
    <subfield code="a">Neary, David</subfield>
    <subfield code="c">(Professor of neurology)</subfield>
    <subfield code="e">author.</subfield>
  </datafield>
  <datafield tag="700" ind1="1" ind2=" ">
    <subfield code="a">Crossman, Ben,</subfield>
    <subfield code="e">illustrator.</subfield>
  </datafield>
  <datafield tag="856" ind1="4" ind2="0">
    <subfield code="a">IUPUI</subfield>
    <subfield code="u">https://RX8KL6YF4X.search.serialssolutions.com/ejp/?libHash=RX8KL6YF4X#/search/?searchControl=title&amp;searchType=title_code&amp;criteria=TC0002169405</subfield>
  </datafield>
  <datafield tag="856" ind1="4" ind2="0">
    <subfield code="a">COLUMBUS</subfield>
    <subfield code="u">https://RX8KL6YF4X.search.serialssolutions.com/ejp/?libHash=RX8KL6YF4X#/search/?searchControl=title&amp;searchType=title_code&amp;criteria=TC0002169405</subfield>
  </datafield>
  <datafield tag="942" ind1=" " ind2=" ">
    <subfield code="2">ddc</subfield>
    <subfield code="c">BB</subfield>
  </datafield>
  <datafield tag="949" ind1=" " ind2=" ">
    <subfield code="h">ulebook</subfield>
  </datafield>
  <datafield tag="949" ind1=" " ind2=" ">
    <subfield code="h">coebook</subfield>
  </datafield>
  <datafield tag="999" ind1=" " ind2=" ">
    <subfield code="c">30782</subfield>
    <subfield code="d">30753</subfield>
  </datafield>
  <datafield tag="952" ind1=" " ind2=" ">
    <subfield code="0">0</subfield>
    <subfield code="1">0</subfield>
    <subfield code="2">ddc</subfield>
    <subfield code="4">0</subfield>
    <subfield code="7">0</subfield>
    <subfield code="8">Baccah</subfield>
    <subfield code="a">MAIN</subfield>
    <subfield code="b">MAIN</subfield>
    <subfield code="c">1ST</subfield>
    <subfield code="d">2024-06-13</subfield>
    <subfield code="e">Purchase</subfield>
    <subfield code="g">2329.00</subfield>
    <subfield code="h">38282</subfield>
    <subfield code="l">0</subfield>
    <subfield code="o">611.8 CRO</subfield>
    <subfield code="p">000057137</subfield>
    <subfield code="r">2025-11-13 00:00:00</subfield>
    <subfield code="v">2911.00</subfield>
    <subfield code="w">2024-06-13</subfield>
    <subfield code="y">BB</subfield>
  </datafield>
</record>
